Сборник заданий по макроэкономике: для студентов вузов и учащихся 10-11 классов (профильный уровень образования)

Detalhes bibliográficos
Autor principal: Ким И. А. Игорь Александрович
Resumo:В сборнике содержатся различные типы заданий по макроэкономике — классические расчетные задачи; вопросы, на которые требуется дать более или менее развернутый ответ, нарисовать схему или заполнить недостающие фрагменты предложений; задания, требующие начальных навыков аналитической работы. Задачи повышенной сложности, которые могут быть предложены обучающимся для самостоятельного решения, исследования или использоваться в рамках продвинутого курса, обозначены в пособии звездочкой. В некоторых случаях приводится ряд однотипных заданий (иногда, для компактности, их условия сведены в таблицы). Предполагается, что одно задание разбирается на занятии и одно или несколько других даются в качестве домашнего задания. Ответы, решения и объяснения к заданиям приведены в конце пособия. Сборник может быть использован в школах с углубленным изучением экономики, в вузах, изучающих прикладные экономические специальности, а также при различных формах довузовской и послевузовской подготовки специалистов.
Idioma:russo
Publicado em: Москва, Вита-Пресс, 2013
Edição:3-е изд.
Assuntos:
Formato: Livro
KOHA link:https://koha.lib.tpu.ru/cgi-bin/koha/opac-detail.pl?biblionumber=235377

MARC

LEADER 00000nam0a2200000 4500
001 235377
005 20231101231408.0
010 |a 9785775526450 
035 |a (RuTPU)RU\TPU\book\256513 
090 |a 235377 
100 |a 20130409d2013 m y0rusy50 ca 
101 0 |a rus 
102 |a RU 
105 |a y j 000zy 
200 1 |a Сборник заданий по макроэкономике  |e для студентов вузов и учащихся 10-11 классов (профильный уровень образования)  |f И. А. Ким 
205 |a 3-е изд. 
210 |a Москва  |c Вита-Пресс  |d 2013 
215 |a 143 с. 
330 |a В сборнике содержатся различные типы заданий по макроэкономике — классические расчетные задачи; вопросы, на которые требуется дать более или менее развернутый ответ, нарисовать схему или заполнить недостающие фрагменты предложений; задания, требующие начальных навыков аналитической работы. Задачи повышенной сложности, которые могут быть предложены обучающимся для самостоятельного решения, исследования или использоваться в рамках продвинутого курса, обозначены в пособии звездочкой. В некоторых случаях приводится ряд однотипных заданий (иногда, для компактности, их условия сведены в таблицы). Предполагается, что одно задание разбирается на занятии и одно или несколько других даются в качестве домашнего задания. Ответы, решения и объяснения к заданиям приведены в конце пособия. Сборник может быть использован в школах с углубленным изучением экономики, в вузах, изучающих прикладные экономические специальности, а также при различных формах довузовской и послевузовской подготовки специалистов. 
606 1 |a Макроэкономика  |2 stltpush  |3 (RuTPU)RU\TPU\subj\36372  |9 57778 
610 1 |a национальные счета 
610 1 |a экономические показатели 
610 1 |a совокупный спрос 
610 1 |a кейнсианские модели 
610 1 |a денежный рынок 
610 1 |a модель IS-LM 
610 1 |a модель AD-AS 
610 1 |a безработица 
610 1 |a инфляция 
610 1 |a экономический рост 
610 1 |a открытая экономика 
610 1 |a практикумы 
610 1 |a учебные пособия 
686 |a У012.2я73  |v LBC/SL-A  |2 rubbk 
700 1 |a Ким  |b И. А.  |g Игорь Александрович 
801 1 |a RU  |b 63413507  |c 20130409 
801 2 |a RU  |b 63413507  |c 20150506  |g RCR 
900 |a Макроэкономика 
942 |c BK 
959 |a 71/20130409  |d 10  |e 106,40  |f ЧЗГЛ:1  |f АНЛ:1  |f УФ:8